000
00315nam a22001457a 4500
020
_a
93-84894-13-9
082
_a
894.812.1
_b
SUR/D
100
_a
SURENDRAN V.U
245
_a
PUTHUNOTTANGAL
260
_a
THRISSUR
_b
SARGASREE PUBLICATION
_c
2015
300
_a
64
520
_a
POETRY
650
_a
POETRY
942
_c
BK
999
_c
4228
_d
4228